Statistics for Guess the Country (Random)

Click here to take the quiz!

General Stats

  • This quiz has been taken 31 times
  • The average score is 9 of 15

Answer Stats

ClueAnswer% Correct
I'm a small Himalayan country. I am surrounded by two large countries. I do not have Mount Everest. Which country am I?Bhutan
81%
I am a large country. I border only two countries. I am the most known country in the world. Which country am I?United States
81%
I have an identical flag with another country. I am landlocked and Islamic. I only have four letters in my name. Which country am I?Chad
73%
My capital is a common girl's name. I border a country that sounds like it would be on pizza. Which country am I?Bulgaria
69%
I am in a war about a sport. I am Central American. I have a V in my name. Which country am I?El Salvador
69%
I am surrounded by two very large countries. I contain part of a cold desert. I am mostly Buddhist. Which country am I?Mongolia
69%
I have a population of over 50 million. I am Buddhist. I am considered a tyranny. Which country am I?Myanmar
62%
I am the only country with my major religion. I gained independence in 1948 from Britain. Which country am I?Israel
58%
I am sinking the most. My best friend's initials is SL. I am one of the smallest Muslim countries. Which country am I?Maldives
58%
I am also sinking. I am named after a person in the bible. I am Oceanic. Which country am I?Solomon Islands
58%
I am mostly Christian. I border a country with an X in their name. My capital is my country name but the word city after it. Which country am I?Guatemala
54%
I used to be communist before the Cold War. I was part of an empire during WW1. My name was in that empire. Which country am I?Hungary
54%
I am Islamic. I border two of my enemies. I am considered to be in two continents. I have the letter J in my name. Which country am I?Azerbaijan
50%
I am sinking. Soon I will be under sea level. I have the lowest GDP and one of the lowest populations in the world.Tuvalu
35%
I am majority Islamic. I only border one country and my country looks like one straight line. Which country am I?Gambia
19%

Score Distribution

Percentile by Number Answered

Percent of People with Each Score

Your Score History

You have not taken this quiz